Personnalités au hasard #11 - Statistiques

Statistiques générales
  • Ce quiz a été pris 533 fois
  • Le résultat moyen est 14 sur 32
Statistiques - réponses
Par images Réponse % Correct
Squeezie
94%
Taylor Swift
91%
Rafael Nadal
87%
Artus
82%
Jarry
82%
Florence Foresti
81%
Gérard Jugnot
78%
AmineMaTue
77%
Benjamin Castaldi
69%
Keanu Reeves
68%
Elsa Bois
66%
Melania Trump
59%
Tiger Woods
59%
Carla Bruni
58%
Robin Williams
46%
Martine Aubry
38%
Willow Smith
35%
Albert Camus
26%
Thaïs d'Escufon
24%
Pete Davidson
22%
Theo James
22%
Tyla
17%
Malika Ménard
15%
Blue Ivy Carter
14%
Sébastien Ogier
14%
Ambre Chalumeau
12%
Mélanie Thierry
11%
Manu Ríos
9%
Paloma
8%
Sophia Aram
8%
Rose Leslie
7%
Laure Lavalette
5%
Aucun quiz correspondant
Distribution des résultats
% des personnes avec chaque résultat
Percentile par nombre de réponses
Votre historique - résultats
Vous n’avez pas pris ce quiz